Credit-based, participatory poverty alleviation strategies in Sri Lanka: (Record no. 4922)
[ view plain ]
| 000 -LEADER | |
|---|---|
| fixed length control field | 00597nam a2200169 4500 |
| 008 - FIXED-LENGTH DATA ELEMENTS--GENERAL INFORMATION | |
| fixed length control field | 240611b |||||||| |||| 00| 0 eng d |
| 020 ## - ISBN | |
| ISBN | 9559122606 |
| 082 ## - DEWEY DECIMAL CLASSIFICATION NUMBER | |
| Classification number | 362.582 |
| Item number | GUN |
| 942 ## - ADDED ENTRY ELEMENTS (KOHA) | |
| Item Type | Reports |
| 100 ## - MAIN ENTRY--PERSONAL NAME | |
| Personal Name | Gunatilake, Ramani |
| 245 ## - TITLE STATEMENT | |
| Title | Credit-based, participatory poverty alleviation strategies in Sri Lanka: |
| Sub Title | what have we earned? |
| 260 ## - PUBLICATION, DISTRIBUTION, ETC. (IMPRINT) | |
| Place of Publication | Colombo: |
| Name of Publisher | Institute of Policy Studies, |
| Date of Copyright | 1997 |
| 300 ## - PHYSICAL DESCRIPTION | |
| Extent | v. 80 p.; 30 cm, tables |
| Physical Details | Bibliography included |
| 440 ## - SERIES STATEMENT/ADDED ENTRY--TITLE | |
| Title | Poverty and income distribution series |
| Volume | no. 2 |
| 650 ## - SUBJECT ADDED ENTRY--TOPICAL TERM | |
| Topical Term | POVERTY REDUCTION-Sri Lanka |
| 650 ## - SUBJECT ADDED ENTRY--TOPICAL TERM | |
| Topical Term | Social services-Finance |
| Withdrawn status | Lost status | Source of classification or shelving scheme | Damaged status | Not for loan | Permanent location | Current location | Date acquired | Total Checkouts | Full call number | Barcode | Date last seen | Price effective from | Koha item type |
|---|---|---|---|---|---|---|---|---|---|---|---|---|---|
| Dewey Decimal Classification | Resource center, Muslim Women's Research And Action Forum | Resource center, Muslim Women's Research And Action Forum | 2024-06-11 | 362.582 GUN | RAF5295 | 2024-06-11 | 2024-06-11 | Reports | |||||
| Dewey Decimal Classification | Resource center, Muslim Women's Research And Action Forum | Resource center, Muslim Women's Research And Action Forum | 2024-06-24 | 362.582 GUN | RAF5297 | 2024-06-24 | 2024-06-24 | Reports |

